| 000 | 00665nam a2200217Ia 4500 | ||
|---|---|---|---|
| 008 | 191130s2002##################000#0#eng## | ||
| 020 | _a9780333771327 | ||
| 040 |
_aACL _cACL |
||
| 082 | _a305.4209415 CON | ||
| 100 | _aConnolly, Linda | ||
| 245 |
_aThe Irish women's movement : from revolution to devolution _cLinda Connolly |
||
| 260 |
_aBasingstoke, Hampshire _bPalgrave _c2002 |
||
| 300 | _axi,308p.:ill;23 c.m | ||
| 500 | _aIncludes bibliographical references and index | ||
| 650 | _aFeminism | ||
| 650 | _aIreland | ||
| 650 | _aWomen--Social conditions | ||
| 990 | _a6c44e8c4ac10000c5a8ea9d24bd6f43b | ||
| 991 | _a183650 | ||
| 999 |
_c54633 _d54633 |
||